000 00692nam a2200229Ia 4500
001 12506
003 GE_BSU
008 181216s||||||||xx |||||||||||||| ||und||
040 _cGE_BSU
080 _a637.11
100 _aЭрнст,Л.К. Крамаренко,Н.М. Трунов,Н.И....
245 _aПромышленное производство молока
245 _bОпыт и проблемы
245 _cРед.М.Ф.Андреева
260 _aЛенинград
260 _bКолос
260 _c1978
300 _a294стр.21см.
300 _eТаблицы
653 _aПромышленное производство молока
942 _cBK
999 _c45680
_d45680